000 00394nam a2200157Ia 4500
008 230917s9999||||xx |||||||||||||| ||und||
040 _e116062
_aMAIN
041 _aEnglish
082 _a668.1 R723S
100 _aRosen, Milton J
245 0 _aSurfactants and interfacial phenomena
250 _a3rd ed.
260 _aNew Jersey
_bJohn wiley
_c2004
300 _axii, 444p p.
942 _cBK
999 _c140640
_d140640